LEADER 01450nam0 22003373i 450 001 MIL0108760 005 20251003044223.0 010 $a8838606994 100 $a20061026d1992 ||||0itac50 ba 101 | $aita 102 $ait 181 1$6z01$ai $bxxxe 182 1$6z01$an 200 1 $aFutures e options$fRita Laura D'Ecclesia 210 $aMilano$cMcGraw-Hill libri Italia$d1992 215 $a370 p.$d24 cm 300 $aSull'occh.: Sezione di finanza aziendale. 606 $aMercati finanziari$2FIR$3CFIC001170$9E 606 $aContratti a termine$2FIR$3CFIC075501$9I 676 $a332.645$9SPECULAZIONE FINANZIARIA$v20 696 $aContratti di cambio a termine 699 $aContratti a termine$yContratti di cambio a termine 700 1$aD'Ecclesia$b, Rita Laura$3MILV070521$4070$0368582 801 3$aIT$bIT-000000$c20061026 850 $aIT-BN0095 $aIT-NA0070 901 $bNAP 01$cPOZZO LIB.$nVi sono collocati fondi di economia, periodici di ingegneria e scienze, periodici di economia e statistica e altri fondi comprendenti documenti di economia pervenuti in dono. 912 $aMIL0108760 950 0$aBiblioteca Centralizzata di Ateneo$b1 v.$c1 v.$d 01POZZO LIB.ECON MON 9374$e 0101 0000096475E VMA 1 v. (precedente collocazione: GUERRAZZI B 888)$fB $h20080128$i20080128 977 $a 01$a BU 996 $aFutures e options$91000816 997 $aUNISANNIO LEADER 02065oas 2200601 a 450 001 9910702891203321 005 20251106213014.0 011 $a1949-5145 035 $a(OCoLC)317982677 035 $a(CONSER) 2009230764 035 $a(CKB)1000000000767874 035 $a(EXLCZ)991000000000767874 100 $a20090407a20059999 ua a 101 0 $aeng 135 $aur||||||||||| 181 $ctxt$2rdacontent 182 $cc$2rdamedia 183 $acr$2rdacarrier 200 00$aBenefits and risks of using waste foundry sand for agricultural and horticultural applications ... annual report 210 $aWashington, D.C. $cU.S. Dept. of Agriculture, Agricultural Research Service 215 $cHTML files 606 $aSand, Foundry$xRecycling$zUnited States$vPeriodicals 606 $aSand, Foundry$xEnvironmental aspects$zUnited States$vPeriodicals 606 $aMetal wastes$xRecycling$zUnited States$vPeriodicals 606 $aMetal wastes$xRecycling$2fast$3(OCoLC)fst01017748 606 $aSand, Foundry$xRecycling$2fast$3(OCoLC)fst01104884 607 $aUnited States$2fast$1https://id.oclc.org/worldcat/entity/E39PBJtxgQXMWqmjMjjwXRHgrq 608 $aPeriodicals.$2fast 608 $aPeriodicals.$2lcgft 615 0$aSand, Foundry$xRecycling 615 0$aSand, Foundry$xEnvironmental aspects 615 0$aMetal wastes$xRecycling 615 7$aMetal wastes$xRecycling. 615 7$aSand, Foundry$xRecycling. 676 $a621 712 02$aManure and Byproduct Utilization National Program (U.S.) 712 02$aUnited States.$bAgricultural Research Service. 801 0$bGPO 801 1$bGPO 801 2$bDLC 801 2$bGPO 801 2$bOCLCQ 801 2$bOCLCA 801 2$bGILDS 801 2$bOCLCO 801 2$bOCLCF 801 2$bOCLCQ 801 2$bOCLCL 801 2$bOCLCQ 906 $aJOURNAL 912 $a9910702891203321 996 $aBenefits and risks of using waste foundry sand for agricultural and horticultural applications ... annual report$93213143 997 $aUNINA